Cơ sở hoá sinh : ( Dùng cho sinh viên ngành Khoa học tự nhiên )
Sách trình bày các vấn đề về lôgic phân tử của sự sống, tế bào và cấu trúc tế bào, Thành phần hóa học của cơ thể sống và vai trò của nước trong quá trình sống,...
Tallennettuna:
| Päätekijä: | |
|---|---|
| Aineistotyyppi: | Kirja |
| Kieli: | Undetermined |
| Julkaistu: |
Hà Nội
Giáo dục
2006
|
| Aiheet: | |
| Tagit: |
Lisää tagi
Ei tageja, Lisää ensimmäinen tagi!
|
| Thư viện lưu trữ: | Trung tâm Học liệu Trường Đại học Cần Thơ |
|---|
| LEADER | 00848nam a2200217Ia 4500 | ||
|---|---|---|---|
| 001 | CTU_110993 | ||
| 008 | 210402s9999 xx 000 0 und d | ||
| 020 | |c 27500 | ||
| 082 | |a 572 | ||
| 082 | |b H513 | ||
| 100 | |a Trịnh, Lê Hùng | ||
| 245 | 0 | |a Cơ sở hoá sinh : | |
| 245 | 0 | |b ( Dùng cho sinh viên ngành Khoa học tự nhiên ) | |
| 245 | 0 | |c Trịnh Lê Hùng | |
| 260 | |a Hà Nội | ||
| 260 | |b Giáo dục | ||
| 260 | |c 2006 | ||
| 520 | |a Sách trình bày các vấn đề về lôgic phân tử của sự sống, tế bào và cấu trúc tế bào, Thành phần hóa học của cơ thể sống và vai trò của nước trong quá trình sống,... | ||
| 650 | |a Biochemistry | ||
| 904 | |i Minh | ||
| 980 | |a Trung tâm Học liệu Trường Đại học Cần Thơ | ||